000 00861nam a2200265Ia 4500
003 OSt
005 20221005092014.0
006 a|||||r|||| 00| 0
007 ta
008 221004b |||||||| |||| 00| 0 eng d
020 _a184169472X (hbk)
_c2495
024 _a14447
037 _b7019, 13/08/2014, Friends Publications (India)
_cTextual
040 _aCRL
_cCRL
_beng
041 _2eng
_aeng
082 _aS8:3, P7
100 _aBargh John A Ed.
_9443571
245 0 _aSocial psychology and the unconscious
_b The automaticity of higher mental processes
260 _aNew York
_bPsychology Press USA
_c2014
300 _ax,342p.
_ccm.
490 _aFrontiers of social psychology
650 _aPSYCHOLOGY
942 _hS8:3, P7
_cTEXL
_2cc
999 _c998138
_d998138